Rapports de force : histoire, rhetorique, preuve

Saved in:
Bibliographic Details
Main Author: Ginzburg, Carlo
Other Authors: Bardos, Jean-Pierre (Translator)
Format: Book
Language:Italian
French
Published: [Paris] : Gallimard Seuil, 2003.
Series:Hautes etudes
Subjects:
Tags: Add Tag
No Tags, Be the first to tag this record!

MARC

LEADER 00000cam a2200000 i 4500
001 1/2766
008 100107s2003 fr | ||| |||| ||ita||
020 |a 2020525216 
035 |l 10106137 
040 |a GR-MyUA  |b gre  |e AACR2 
041 1 |a ita  |h fre 
082 0 |a 907.2  |2 (22) 
100 1 |a Ginzburg, Carlo. 
245 1 0 |a Rapports de force :   |b histoire, rhetorique, preuve /   |c Carlo Ginzburg ; traduit de l'italien par Jean-Pierre Bardos.  
260 |a [Paris] :   |b Gallimard Seuil,   |c 2003.  
300 |a 123 σ., [16] σ. :   |b εικ. ;   |c 24 εκ.  
490 1 |a (Hautes etudes)  
500 |a Μετάφραση από τα γαλλικά 
500 |a Τίτλος πρωτοτύπου: Rapporti di forza.  
504 |a Περιέχει βιβλιογραφικές παραπομπές και ευρετήριο.  
650 0 0 |a Historiography. 
650 0 0 |a Art and history. 
650 0 0 |a Rhetoric. 
700 1 |a Bardos, Jean-Pierre,  |e trl 
830 0 |a Hautes etudes 
852 |a INST  |b LESVOS  |e 20100107  |h 907.2 GIN  |p 005100045927  |q 005100045927  |t BK  |y 0 
901 |a BIBL1-2010-1 
909 |a Λ  |b 160069 
970 |a ΚΑΡΑ  |b ΓΙΑΣΕΜΗ  |z 2010/01/07